000 00878nas a2200289 4500
001 BR9605325
003 BR-BrBNA
005 20231205095825.0
007 ta
008 230509b bl.|||p| |||| 00| 00por d
040 _aBR-BrBNA
_bpor
_cBiblioteca Nacional de Agricultura
041 _a(Pt)
072 _aP33
100 1 _aCenturion, J.F.
100 1 _aAndrioli, I.
100 1 _aMarques Junior, J.
100 1 _aMarchiori, D.G.
245 1 _aCaracteristicas de latossolos roxos desenvolvidos de rochas alcalinas e basicas de Jaboticabal, SP
650 _aLatossolo Roxo
650 _aRocha
650 _aAlcalinidade
650 _aPropriedade Fisico-Quimica
650 _aSao Paulo
773 0 _tScientia Agricola (Brazil)
_xISSN 0103-9016
_g(May-Aug 1995), v. 52(2) p. 226-232
_wBR9605325
909 _a202311
_bLúcia
_c55
_dLúcia Elande
942 _2AGRIS
_n0
_cANA
999 _c152912
_d152912